UBT Library

Psychiatric mental health nursing: (Record no. 1601)

000 -LEADER
fixed length control field 00353nam a22001217a 4500
008 - FIXED-LENGTH DATA ELEMENTS--GENERAL INFORMATION
fixed length control field 160426b xxu||||| |||| 00| 0 eng d
020 ## - INTERNATIONAL STANDARD BOOK NUMBER
International Standard Book Number 9781416000884
020 ## - INTERNATIONAL STANDARD BOOK NUMBER
International Standard Book Number 1416000884
041 ## - LANGUAGE CODE
Language code of text/sound track or separate title eng
080 ## - UNIVERSAL DECIMAL CLASSIFICATION NUMBER
Universal Decimal Classification number 618.2
245 ## - TITLE STATEMENT
Title Psychiatric mental health nursing:
Statement of responsibility, etc Elizabeth M. Varcarolis;Verna Benner Carson; Nancy Christine Shoemaker;
942 ## - ADDED ENTRY ELEMENTS (KOHA)
Source of classification or shelving scheme
Item type Books
Holdings
Withdrawn status Lost status Source of classification or shelving scheme Damaged status Not for loan Collection code Permanent location Current location Shelving location Date acquired Total Checkouts Full call number Barcode Date last seen Price effective from Koha item type
          Koleksioni i përgjithshem UBT - Lipjan UBT - Lipjan Koleksioni i përgjithshem 04/26/2016   618.2 VAR 002-027855 12/29/2016 04/26/2016 Books
          Koleksioni i përgjithshem UBT - Lipjan UBT - Lipjan Koleksioni i përgjithshem 01/13/2017   618.2 VAR 002-029924 01/13/2017 01/13/2017 Books
          Koleksioni i përgjithshem UBT - Lipjan UBT - Lipjan Koleksioni i përgjithshem 01/16/2017   618.2 VAR 002-030056 01/16/2017 01/16/2017 Books
          Koleksioni i përgjithshem UBT - Lipjan UBT - Lipjan Koleksioni i përgjithshem 10/16/2018   610.073 VAR 002-3015718 10/16/2018 10/16/2018 Books
UBT Library © 2015-2024. All rights reserved University Education for Business and Technology